| 000 | 00981nam a2200301Ia 4500 | ||
|---|---|---|---|
| 003 | OSt | ||
| 005 | 20221005065148.0 | ||
| 006 | a|||||r|||| 00| 0 | ||
| 007 | ta | ||
| 008 | 221004b |||||||| |||| 00| 0 eng d | ||
| 020 |
_a1405130652 _c1556.42 |
||
| 024 | _a84017 | ||
| 037 |
_b346, 24/03/2006, Ashutosh Technical Books _cTextual |
||
| 040 |
_aCRL _cCRL _beng |
||
| 041 |
_2eng _aeng |
||
| 082 | _aW:(R), P6 | ||
| 100 | _aGoodin Robert E. Ed. | ||
| 245 | 0 |
_aContemporary political philosophy _b An anthology edited by Robert E. Goodin and Philip Pettit |
|
| 250 | _a2nd | ||
| 260 |
_aMassachusetts _bBlackwell Publishing U. S. A. _c2006 |
||
| 300 |
_a752p. _ccm. |
||
| 490 | _aBlackwell Philosophy Anthologies | ||
| 650 | _a PHILOSOPHY | ||
| 650 | _aPOLITICAL SCIENCE | ||
| 700 | _a Pettit Philip Ed. | ||
| 942 |
_hW:(R), P6 _cTEXL _2cc |
||
| 999 |
_c974102 _d974102 |
||